New experiments in crop protection. 2. (Record no. 72973)

MARC details
000 -LEADER
fixed length control field 00462nam a2200181Ia 4500
100 ## - MAIN ENTRY--AUTHOR NAME
Personal name Jacob C.K.
245 #0 - TITLE STATEMENT
Title New experiments in crop protection. 2.
260 ## - PUBLICATION, DISTRIBUTION, ETC. (IMPRINT)
Name of publisher Rubber
Year of publication 2003
650 ## - SUBJECT ADDED ENTRY--TOPICAL TERM
Topical Term Bark rot
650 ## - SUBJECT ADDED ENTRY--TOPICAL TERM
Topical Term Colletotrichum
650 ## - SUBJECT ADDED ENTRY--TOPICAL TERM
Topical Term Corynespora leaf disease
650 ## - SUBJECT ADDED ENTRY--TOPICAL TERM
Topical Term Dry rot patch canker
650 ## - SUBJECT ADDED ENTRY--TOPICAL TERM
Topical Term Pink disease
650 ## - SUBJECT ADDED ENTRY--TOPICAL TERM
Topical Term Powdery mildew
650 ## - SUBJECT ADDED ENTRY--TOPICAL TERM
Topical Term Root diseases
942 ## - ADDED ENTRY ELEMENTS (KOHA)
Koha item type Malayalam
Holdings
Withdrawn status Lost status Damaged status Not for loan Home library Current library Date acquired Serial Enumeration / chronology Koha item type
      Journals RRII Library RRII Library 29/12/2021 Volume, Issue 450 Malayalam